|
|
|
|
| LEADER |
00000nab#a22000007a#4500 |
| 001 |
arbauad041938 |
| 003 |
AR-BaUAD |
| 005 |
20250711113254.0 |
| 008 |
991206|||||||||###||||||b###|0###a|spa|| |
| 040 |
|
|
|a AR-BaUAD
|c AR-BaUAD
|b spa
|
| 100 |
|
|
|a Mombelli, Rosella
|
| 245 |
|
|
|a Shopping a Marrakech /
|c Rosella Mombelli;
|
| 300 |
0 |
|
|b fot.
|
| 653 |
|
|
|a MARRUECOS
|
| 653 |
|
|
|a CIUDADES
|
| 653 |
|
|
|a PRODUCCION
|
| 653 |
|
|
|a OBJETOS
|
| 653 |
|
|
|a MUEBLES
|
| 653 |
|
|
|a RESTAURANTES
|
| 653 |
|
|
|a CULTURA
|
| 653 |
|
|
|a ARTE ISLAMICO
|
| 653 |
|
|
|a MARRAKECH
|
| 773 |
0 |
|
|t LA MIA CASA
|g no. 322 [nov. 1999], p. 78-85
|
| 942 |
|
|
|c ARTI
|
| 952 |
|
|
|0 0
|1 0
|4 0
|7 0
|9 86857
|a AR-BAuAD
|b AR-BAuAD
|d 2025-07-11
|l 0
|p AAQA041938
|r 2025-07-11 11:32:54
|w 2025-07-11
|y ARTI
|
| 990 |
|
|
|a A199
|b TD
|
| 998 |
|
|
|a AAQ
|b BIBUN76
|
| 999 |
|
|
|c 66530
|d 66530
|